000 00330nam a22001337a 4500
005 20250718135230.0
008 250718b |||||||| |||| 00| 0 eng d
050 _aBS2675
_b.3 FAL
100 _aFALLON FRANCIS T.
245 _a2 CORINTHIANS
260 _aDUBLIN
_bVERITAS PUBLICA
_cc1980
300 _avii, 117p
942 _2lcc
_cBK
_n0
999 _c7054
_d7054